[Event "BRA-ch Regional Sul"]
[Site "Lages"]
[Date "2019.10.19"]
[Round "3"]
[White "Dos Santos, Gabriel Isaias Borg"]
[Black "Baldussi Fernandes, Bruno Mendonca"]
[Result "0-1"]
[WhiteElo "1800"]
[BlackElo "1828"]
[PlyCount "22"]
[EventDate "2019.10.18"]
[EventType "swiss"]
[EventRounds "5"]
[EventCountry "BRA"]
[SourceTitle "CBM 195 Extra"]
[Source "ChessBase"]
[SourceDate "2020.05.31"]
[SourceVersion "1"]
[SourceVersionDate "2020.05.31"]
[SourceQuality "1"]

1. e4 c5 2. Nc3 Nc6 3. Bc4 Nf6 4. d3 g6 5. Qf3 Bg7 6. Be3 d6 7. Nge2 0-0 8. 0-0 Ne5 9. Qf4 Nh5 10. Qxf7+ Nxf7 11. Rae1 e6 0-1